00378nam a2200133 a 450000500170000000800410001702000180005805000180007624500200009426000410011430000190015544000400017465000300021420140412111348.0070828s19uu xx 00 eng d a0-394-94819-x aERbTo55 1981 aTod and Copper. aU.S.A :bWalt disney company,c1981. a1 v. (unpaged) aDisney's wonderful world of reading aDogsxLegends and stories